000 01321nam a2200241Ia 4500
003 Ost
005 20260416102354.0
008 260416s9999||||xx |||||||||||||| ||und||
040 _cfsecg
041 _aara
082 _a657.46
100 _aبوزيدي، سعيدة
_eمؤلف
245 0 _aمحاضرات في مقياس المحاسبة المالية /
_c سعيدة بوزيدي
260 _aالجزائر
_bجامعة الجزائر3: كلية العلوم الإقتصادية، العلوم التجارية وعلوم التسيير
_c2019
300 _a119 ورقة
_bايضاحات
_c30 سم
504 _aمراجع ص.118
520 _aماهية المؤسسة، مدخل للمحاسبة، النظام المحاسبي المالي الدولي، المستندات المحاسبية و الدورة المحاسبية المالية، دراسة أصناف الحسابات المدونة بالنظام المحاسبي المالي، أعمال نهاية السنة.
653 _aالمحاسبة
653 _aالمحاسبة التحليلية
653 _aالنظام المحاسبي الموحد
710 _aجامعة الجزائر3: كلية العلوم الإقتصادية، العلوم التجارية وعلوم التسيير
_eناشر علمي
942 _cHANDOUT
999 _c41142
_d41142